01429nam a22003977a 4500003000500000005001700005008004100022010000900063011000900072035000900081040000900090082001400099100003900113245006700152260006000219300002000279500001100299590004100310590004100351590004100392590004100433590004100474590004200515650003300557650003300590650003000623650002700653650004100680650003700721650004400758901000700802942001000809949006300819999001500882952013400897CHAP20220329133400.0971013s1990 r 00010 d a5728 a6700 a5922 cCHAP a574.5bR800aRuiz de la Concha, Bertha.9100641 aDesarrollo y medio ambiente en Méxicob: diagnóstico, 1990 aMéxico, D.F. :bFundación Universo Veintiuno,c1990 a165 p.b: ilus. a59-118 aBATCH-UPDb10c20130110lUCH01h0039 aBATCH-UPDb10c20130110lUCH01h0904 aBATCH-UPDb10c20130409lUCH01h2024 aBATCH-UPDb10c20130410lUCH01h0531 aBATCH-UPDb10c20130913lUCH01h2327 aCONVERSIONb10c20130109lUCH01h130414aAguaxContaminación.9235114aAirexContaminación.9313814aEcologíaxLeyes.93514914aMedio ambiente.97406514aMedio ambientexProtección.97410614aSuelosxContaminación.911032714aVida silvestrexConservación.9119166 aBK cLIBRO a574.5 R8bBCcLIBROd33724000661740eLIBROh82576i5922si c5728d5728 00102ddc4052708GRALaBCbBCcPA_GRALd2019-12-31fLIBROl0o574.5 R8p33724000661740r2019-12-31 00:00:00w2019-12-31yLIBRO